| 000 | 00791nam a2200133Ia 4500 | ||
|---|---|---|---|
| 008 | 220616s9999||||xx |||||||||||||| ||und|| | ||
| 020 | _a9783040000000 | ||
| 245 | 0 | _aElectrification of Smart Cities | |
| 546 | _aEnglish[eng] | ||
| 650 | _ablockchain||double auction||electricity trading||smart match mechanism||multi-exposure image fusion||intelligent transportation system||adaptive optimization||video super-resolution||generative adversarial networks||edge enhancement||energy usage behaviour||occupancy monitoring||energy conservation||out-of-hours consumption||energy consumption monitoring||electric vehicles||detour||route computation||smart cities||n/a | ||
| 700 | _aLai, Chun Sing||Tsang, Kim-Fung||Wang, Yinhai | ||
| 856 | _uhttps://mdpi.com/books/pdfview/book/5348 | ||
| 942 | _cEB | ||
| 999 |
_c20795 _d20795 |
||